1299 1992 1144 1202 1566 1868 1640 1599 1011 1082 1034 1561 1840 1292 1102 1045 1872 1973 1811 1103 1059 1527 1271 1306 1455 1033 1732 1610 1178 1973 1821 1681 1055 1708 1828 1243 1783 1587 1897 1335 1281 1842 1964 1584 1352 1421 1575 1866 1756 1498 1384 1471 1512 1220 1951 1761 1925 1243 1053 1029 1383 1579 1554 1590 1017 1894 1829 1568 1423 1750 1343 1604 1113 1156 1674 1573 1637 1015 1596 1501 1692 1014 1760 1862 1370 1556 1122 1982 1006 1403 1323 1738 1126 1151 1358 1335 1047 1571 1932 BCNSPRNW ULIB Ver.6.0+V

เปลี่ยนเป็นภาษาไทย

Change to English
 แสดงรายละเอียดบรรณานุกรม
  กลับหน้าหลัก

Brief Record : Get Marc (ISO 2709) : E-mail record : QR code < ปิดหน้าต่าง
LEADER : 00000nam 2200000uu 4500
001    13399111142
003     ULIB
008    110617s2549||||th 000 0 tha d
020    9789748817941
060 04 WY18.2^bว585ส 2549
245 00 สาระทบทวน :^bกฎหมายและจรรยาบรรณวิชาชีพการพยาบาล /^cบรรณาธิการ, ละเอียด แจ่มจันทร์, สุรี ขันธรักษวงศ์
246 30 กฎหมายและจรรยาบรรณวิชาชีพการพยาบาล
250    พิมพ์ครั้งที่ 3
260    กรุงเทพฯ :^bจุดทอง, ^c2549
300    144 หน้า ;^c26 ซม.
650  7 การพยาบาล^xกฎหมายและระเบียบข้อบังคับ
650  7 จรรยาบรรณพยาบาล
700 0  ละเอียด แจ่มจันทร์,^eบรรณาธิการ
700 0  สุรี ขันธรักษวงศ์,^eบรรณาธิการ
945    ^p70^l0^i24638
945    ^p70^l0^i24637
945    ^p70^l0^i24636
995     เกษร
999    ^aใช้งานได้ทุกระบบ
รายการนี้ยังไม่มีแท็ก
คุณยังไม่ได้ล็อกอิน คุณสามารถมีกิจกรรมร่วมกับเว็บไซต์ได้ แต่ต้องล็อกอินก่อน ::
  ล็อกอิน

รายการสื่อสารสนเทศ

ลำดับที่ ประเภท เลขเรียก/บาร์โค้ด สถานที่ สถานะ
1. วิทยาศาสตร์การแพทย์ และสุขภาพ
วิทยาศาสตร์การแพทย์ และสุขภาพ
WY18.2 ว585ส 2549 ฉ.1 
  Barcode: 24636
ห้องสมุดวิทยาเขตนครสวรรค์
►ส่วนจัดเก็บหนังสือเก่า นว.
บนชั้น
  ขอยืม
2. วิทยาศาสตร์การแพทย์ และสุขภาพ
วิทยาศาสตร์การแพทย์ และสุขภาพ
WY18.2 ว585ส 2549 ฉ.2 
  Barcode: 24637
ห้องสมุดวิทยาเขตสวรรค์ประชารักษ์
►นวนิยาย
บนชั้น
  ขอยืม
3. วิทยาศาสตร์การแพทย์ และสุขภาพ
วิทยาศาสตร์การแพทย์ และสุขภาพ
WY18.2 ว585ส 2549 ฉ.3 
  Barcode: 24638
ห้องสมุดวิทยาเขตนครสวรรค์
►ส่วนจัดเก็บหนังสือเก่า นว.
บนชั้น
  ขอยืม

รายการใกล้เคียง
    หัวเรื่อง [การพยาบาล กฎหมายและระเบียบข้อบังคับ]
    หัวเรื่อง [จรรยาบรรณพยาบาล]

BibComment


ยังไม่เคยถูกคอมเมนท์

คอมเมนท์ทรัพยากรรายการนี้
  คอมเมนท์: สาระทบทวน กฎหมาย..


 Copyright 2026. Bcnsprnw @Library